Giải pháp thu hút người lao động vào làm việc tại các khu công nghiệp trên địa bàn tỉnh Cà Mau : Luận văn tốt nghiệp Thạc sĩ. Ngành Quản trị Kinh doanh

Mục tiêu nghiên cứu của đề tài là nhằm đề xuất giải pháp thu hút người lao động vào làm việc tại các khu công nghiệp trên địa bàn tỉnh Cà Mau

Uloženo v:
Podrobná bibliografie
Hlavní autor: Phạm, Văn Tráng
Médium: Kniha
Jazyk:Undetermined
Vydáno: Cần Thơ Trường Đại học Cần Thơ 2014
Témata:
Tagy: Přidat tag
Žádné tagy, Buďte první, kdo otaguje tento záznam!
Thư viện lưu trữ: Trung tâm Học liệu Trường Đại học Cần Thơ
LEADER 01070nam a2200217Ia 4500
001 CTU_190449
008 210402s9999 xx 000 0 und d
082 |a 331.1 
082 |b Tr106 
088 |a 60340102 
100 |a Phạm, Văn Tráng 
245 0 |a Giải pháp thu hút người lao động vào làm việc tại các khu công nghiệp trên địa bàn tỉnh Cà Mau : 
245 0 |b Luận văn tốt nghiệp Thạc sĩ. Ngành Quản trị Kinh doanh 
245 0 |c Phạm Văn Tráng ; Võ Thành Danh (Cán bộ hướng dẫn) 
260 |a Cần Thơ 
260 |b Trường Đại học Cần Thơ 
260 |c 2014 
520 |a Mục tiêu nghiên cứu của đề tài là nhằm đề xuất giải pháp thu hút người lao động vào làm việc tại các khu công nghiệp trên địa bàn tỉnh Cà Mau 
650 |a Employment,Lao động 
904 |i Nguyễn Thị Thu Ba,Hải 
980 |a Trung tâm Học liệu Trường Đại học Cần Thơ